000 00849cam a22002651 4500
001 sa 67002606
003 DLC
005 20260227112331.0
008 810701s1967 ii 000 0 eng
010 _asa 67002606
025 _aPL480:I-E-7696
035 _a(OCoLC)7543630
040 _aDLC
_cNNU
_dDLC
042 _apremarc
050 0 0 _aDS485.K2
_bS548
082 _a327.54/0549
100 1 _aSingh, Sheobran.
245 1 0 _aKashmir and other related matters
_c[by] Sheobran Singh and J. P. Bansal. With a foreword by Ashirbadi Lal Shrivastava.
260 _aAgra,
_bOriental Pub. House
_c[1967]
300 _a290 p.
_c23 cm.
651 0 _aJammu and Kashmir (India)
_xPolitics and government.
651 0 _aIndia
_xForeign relations
_zPakistan.
651 0 _aPakistan
_xForeign relations
_zIndia.
700 1 _aBansal, J. P., joint author.
999 _c73323
_d73323